|
|
|
|
| LEADER |
01257nam a2200325 a 4500 |
| 001 |
30260 |
| 003 |
BD-DhAAL |
| 005 |
20151222221315.0 |
| 008 |
151222r2014 ii b 001 0 eng d |
| 010 |
|
|
|a 72917536
|
| 040 |
|
|
|a DLC
|c DLC
|d DLC
|d BD-DhAAL
|
| 082 |
0 |
0 |
|a 340.59
|2 22
|
| 999 |
|
|
|c 36440
|d 36440
|
| 999 |
|
|
|c 36440
|
| 999 |
|
|
|c 36440
|
| 999 |
|
|
|c 0
|
| 999 |
|
|
|c 5046
|
| 100 |
0 |
|
|a Khalid Rashid.
|9 16943
|
| 245 |
1 |
0 |
|a Muslim law \
|c by Syed Khalid Rashid,revised by V.P.Bharatiya
|
| 250 |
|
|
|a 5th ed.
|
| 260 |
|
|
|a Lucknow,
|b Eastern Book Co.
|c 2009 [reprinted 2014]
|
| 300 |
|
|
|a xxviii, 439 p.
|c 22 cm.
|
| 504 |
|
|
|a Includes bibliographical references and index.
|
| 526 |
|
|
|a SOL
|
| 541 |
1 |
|
|e 30260, 30261
|
| 650 |
|
0 |
|a Islamic law
|z India.
|9 16944
|
| 852 |
4 |
|
|a Ayesha Abed Library
|j General Shelf
|
| 942 |
|
|
|2 ddc
|c BK
|
| 952 |
|
|
|0 0
|1 0
|2 ddc
|4 0
|6 340_590000000000000_KHA
|7 0
|9 57347
|a BRACUL
|b BRACUL
|c GEN
|d 2015-12-22
|e Anupam Gyan Bhander
|g 530.00
|l 25
|m 229
|o 340.59 KHA
|p 3010030260
|q 2026-04-13
|r 2026-03-04
|s 2026-03-04
|t 1
|w 2015-12-22
|y BK
|
| 952 |
|
|
|0 0
|1 0
|2 ddc
|4 0
|6 340_590000000000000_KHA
|7 0
|9 57348
|a BRACUL
|b BRACUL
|c GEN
|d 2015-12-22
|e Anupam Gyan Bhander
|g 530.00
|l 23
|m 173
|o 340.59 KHA
|p 3010030261
|q 2026-06-02
|r 2026-05-20
|s 2026-05-20
|t 2
|w 2015-12-22
|y BK
|